000 00869nam a2200241 4500
001 45268
010 _a9789893629703
021 _b551866/25
090 _a45268
100 _a20250909d2025 m y0pory50030103ba
101 0 _apor
102 _aPT
200 1 _aQuando saímos à rua, que lugar queremos encontrar?
_eArte em espaço público e placemaking
_fBruno Costa... [et al.]
_gpref. Charles Landry
_gposf. Luís Sousa Ferreira
210 9 _a[S.l.]
_cBússola
_cOutdoor Arts Portugal,
_d2025
215 _a163, [4] p.
_cil.
_d21 cm
675 _a7.011(042)
_vBN
_zpor
675 _a711.4(042)
_vBN
_zpor
701 1 _93
_aCosta,
_bBruno
_4070
702 1 _aLandry,
_bCharles,
_f1948-
_4080
702 1 _aFerreira,
_bLuís Sousa,
_f1984-
_4075
801 0 _aPT
_bBN
_gRPC
856 4 1 _uhttp://rnod.bnportugal.gov.pt/ImagesBN/winlibimg.aspx?skey=&doc=2225766&img=212916&save=true
990 _cLIVROS